LEADER 00858nam a2200265 i 4500 001 991002501569707536 005 20020508201310.0 008 981021s1985 it ||| | ita 035 $ab11018975-39ule_inst 035 $aPARLA163845$9ExL 040 $aDip.to Filosofia$bita 082 0 $a155.4 082 0 $a500 100 1 $aAngela, Piero$072774 245 10$aDa zero a tre anni /$cPiero Angela 260 $aMilano :$bGarzanti,$c1985 300 $a282 p. :$bill. ;$c18 cm. 650 4$aEvoluzione 650 4$aFanciulli$xApprendimento 907 $a.b11018975$b21-09-06$c28-06-02 912 $a991002501569707536 945 $aLE005 500 ANG01. 03$g1$i2005000028212$lle005$o-$pE0.00$q-$rl$s- $t0$u3$v1$w3$x0$y.i11138026$z28-06-02 996 $aDa zero a tre anni$9275046 997 $aUNISALENTO 998 $ale005$b01-01-98$cm$da $e-$fita$git $h0$i1 LEADER 01801nam 2200445 a 450 001 9910697020403321 005 20230902161721.0 035 $a(CKB)5470000002384701 035 $a(OCoLC)613210144 035 $a(EXLCZ)995470000002384701 100 $a20100510d2010 ua 0 101 0 $aeng 135 $aurmn||||||||| 181 $ctxt$2rdacontent 182 $cc$2rdamedia 183 $acr$2rdacarrier 200 10$aClimate change$b[electronic resource] $epreliminary observations on geoengineering science, federal efforts, and governance issues : testimony before the Committee on Science and Technology, House of Representatives /$fstatement of Frank Rusco 210 1$a[Washington, D.C.] :$cU.S. Govt. Accountability Office,$d[2010] 215 $a1 online resource (15 pages) 225 1 $aTestimony ;$vGAO-10-546T 300 $aTitle from PDF title screen (GAO, viewed May 6, 2010). 300 $a"For release ... March 18, 2010." 320 $aIncludes bibliographical references. 410 0$aTestimony ;$vGAO-10-546T. 517 $aClimate change 606 $aClimatic changes$xGovernment policy$zUnited States 606 $aGreenhouse gas mitigation$xGovernment policy$zUnited States 606 $aGlobal warming$xPrevention$xResearch$zUnited States 615 0$aClimatic changes$xGovernment policy 615 0$aGreenhouse gas mitigation$xGovernment policy 615 0$aGlobal warming$xPrevention$xResearch 700 $aRusco$b F. W$g(Frank W.)$01386164 712 02$aUnited States.$bCongress.$bHouse.$bCommittee on Science and Technology. 712 02$aUnited States.$bGovernment Accountability Office. 801 0$bGPO 801 1$bGPO 906 $aBOOK 912 $a9910697020403321 996 $aClimate change$93450534 997 $aUNINA